Koncepty a všeobecné princípy podľa IFRS pre malé a stredné podniky

Podmienky, za ktorých môže účtovná jednotka majetok, záväzky, náklady alebo výnosy vykázať.

Salvato in:
Dettagli Bibliografici
Autore principale: Ješš, Michal, 1986-
Natura: Capitolo di libro
Lingua:slovacco
Soggetti:
Tags: Aggiungi Tag
Nessun Tag, puoi essere il primo ad aggiungerne!!

MARC

LEADER 00000nla a2200000 4500
001 0157738
005 20240502072743.5
041 0 |a slo 
044 |a SK 
245 1 0 |a Koncepty a všeobecné princípy podľa IFRS pre malé a stredné podniky  |c Michal Ješš 
520 |a Podmienky, za ktorých môže účtovná jednotka majetok, záväzky, náklady alebo výnosy vykázať. 
610 2 0 |a závierka účtovná 
610 2 0 |a štandardy účtovné medzinárodné 
610 2 0 |a IFRS 
610 2 0 |a podnik malý 
610 2 0 |a podnik stredný 
610 2 0 |a majetok 
610 2 0 |a výnosy 
100 1 |a Ješš, Michal, 1986-